000 01585cam a2200157 4500500
005 20260208005811.0
041 _afre
042 _adc
100 1 0 _aHanley, William
_eauthor
245 0 0 _aUne réflexion de l'époque sur le nombre de censeurs royaux en place au XVIIIe siècle
260 _c2005.
500 _a90
520 _aEn 2000 et 2001 a été mise en place une réforme de l’enseignement du français au lycée définissant « l’histoire littéraire et culturelle » comme la première des quatre « perspectives » à mettre en œuvre dans l’étude des textes. D’assez nombreux documents pédagogiques ont vu le jour à cette occasion, qu’il est intéressant de consulter, car ils apportent aussi à la recherche théorique des éléments nouveaux de réflexion concernant les définitions de l’histoire littéraire, les écueils de ses méthodes et les manières concrètes d’insérer un savoir historique dans un cours de littérature. Une synthèse est ici proposée sur ces divers sujets, comme aussi une invitation à redéfinir peut-être certaines notions définissant les programmes, certaines méthodes proposées aux enseignants : ces imprécisions ou ces difficultés pourraient sans doute être en partie levées si les spécialistes de l’histoire littéraire proposent leurs idées et leurs solutions.
786 0 _nRevue d'histoire littéraire de la France | 105 | 1 | 2005-02-01 | p. 207-214 | 0035-2411
856 4 1 _uhttps://shs.cairn.info/revue-d-histoire-litteraire-de-la-france-2005-1-page-207?lang=fr&redirect-ssocas=7080
999 _c1653847
_d1653847